[Event "FRA-ch U16 Girls"]
[Site "Aix les Bains"]
[Date "2006.??.??"]
[Round "6"]
[White "Esposito, Julie"]
[Black "Haddad, Alix"]
[Result "1/2-1/2"]
[WhiteElo "1870"]
[BlackElo "1570"]
[PlyCount "114"]
[EventDate "2006.04.16"]
[EventType "swiss"]
[EventRounds "9"]
[EventCountry "FRA"]
[SourceTitle "EXT 2007"]
[Source "ChessBase"]
[SourceDate "2006.11.23"]
[SourceVersion "1"]
[SourceVersionDate "2006.11.23"]
[SourceQuality "1"]

1. e4 e5 2. Nf3 Nc6 3. Bc4 Bc5 4. d3 d6 5. c3 Bg4 6. Nbd2 Nge7 7. 0-0 0-0 8. Re1 Kh8 9. h3 Bh5 10. b4 Bb6 11. g4 Bg6 12. Nf1 Qd7 13. Ng3 Rae8 14. Bb3 d5 15. Kg2 f6 16. a4 a5 17. b5 Nd8 18. Nh4 d4 19. cxd4 Bxd4 20. Rb1 Ne6 21. Bxe6 Qxe6 22. Be3 Rd8 23. Nhf5 Bxf5 24. Nxf5 Nxf5 25. gxf5 Qb6 26. Qg4 Bxe3 27. Rxe3 Rd4 28. Rg3 Rg8 29. Qd1 Qd6 30. Qc2 c6 31. bxc6 Qxc6 32. Qb3 Rxa4 33. Qxb7 Qxb7 34. Rxb7 Rd4 35. Ra7 a4 36. Kf1 g6 37. fxg6 hxg6 38. Ke2 g5 39. Rg1 Rb8 40. Rf7 Rb6 41. Rc1 Rd8 42. Ra7 Rb4 43. f3 Rbd4 44. Rc3 R8d7 45. Ra6 Kg7 46. Ra3 Rb7 47. R6xa4 Rxa4 48. Rxa4 Rb2+ 49. Ke3 Rh2 50. d4 exd4+ 51. Rxd4 Rxh3 52. Rd1 g4 53. Rf1 Rxf3+ 54. Rxf3 gxf3 55. Kxf3 Kf7 56. Kg4 Ke6 57. Kf4 Ke7 1/2-1/2

[Event "FRA-ch U12 Girls"]
[Site "Le Grand Bornand"]
[Date "2003.??.??"]
[Round "3.6"]
[White "Haddad, Alix"]
[Black "Fernandez, Laura"]
[Result "0-1"]
[WhiteElo "1370"]
[BlackElo "1840"]
[PlyCount "20"]
[EventDate "2003.??.??"]
[EventType "swiss"]
[EventRounds "9"]
[EventCountry "FRA"]
[SourceTitle "EXT 2004"]
[Source "ChessBase"]
[SourceDate "2003.11.25"]
[SourceVersion "1"]
[SourceVersionDate "2003.11.25"]
[SourceQuality "1"]

1. e4 e5 2. Nf3 Nc6 3. Bc4 Bc5 4. d3 Nf6 5. Nc3 h6 6. 0-0 d6 7. h3 Be6 8. Be3 Bb6 9. Re1 Qd7 10. d4 Bxc4 0-1